| 000 | 00419nam a2200181Ia 4500 | ||
|---|---|---|---|
| 001 | 19655 | ||
| 005 | 20260306172709.0 | ||
| 008 | 260306t2004||||xx |||||||||||||| ||spa|| | ||
| 041 | _aESP | ||
| 082 |
_a340.92 _bG22 |
||
| 100 |
_aGarcía Rada, Domingo _eAUT |
||
| 245 | 0 | _aMemorias de un juez | |
| 260 | _c2004 | ||
| 300 |
_a435 páginas : _c20 cm. |
||
| 650 | _aGEN | ||
| 654 | _aCDE | ||
| 942 |
_cLIB _dJUS _fJUS _2ddc _n |
||
| 999 |
_c19655 _d19655 |
||